Construcción subjetiva de ciudadanía sexual en México: género, heteronormatividad y ética /

En el presente capítulo se pretende incursionar sobre la relación existente entre la sexualidad y la ciudadanía, tanto a nivel conceptual como político, así como en los procesos subjetivos de construcción de la ciudadanía sexual (apropiación de los derechos existentes y el ejercicio de los mismos) y...

Olles dieđut

Furkejuvvon:
Bibliográfalaš dieđut
Váldodahkki: Amuchástegui, Ana
Eará dahkkit: Rivas, Marta
Materiálatiipa: Texto
Fáttát:
Fáddágilkorat: Lasit fáddágilkoriid
Eai fáddágilkorat, Lasit vuosttaš fáddágilkora!

MARC

LEADER 00000 a a2200000 04500
001 41903
003
040
100 |a Amuchástegui, Ana  
245 |a Construcción subjetiva de ciudadanía sexual en México:   |b género, heteronormatividad y ética /  |c Ana Amuchástegui, Marta Rivas  
520 |a En el presente capítulo se pretende incursionar sobre la relación existente entre la sexualidad y la ciudadanía, tanto a nivel conceptual como político, así como en los procesos subjetivos de construcción de la ciudadanía sexual (apropiación de los derechos existentes y el ejercicio de los mismos) y algunos dilemas y dificultades que instituciones sociales relacionadas con la heterosexualidad (género, familia, matrimonio, división sexual del trabajo, etc.) oponen a esta construcción.  
590 |a SJB/NOVIEMBRE2011  
650 |a 1.CIUDADANIA  
650 |a 2.SEXUALIDAD  
650 |a 3.SUBJETIVIDAD  
650 |a 4.GENERO  
650 |a 5.HETEROSEXUALIDAD  
650 |a 6.ETICA  
650 |a 7.DERECHOS SEXUALES  
650 |a 8.MEXICO  
700 |a Rivas, Marta  
773 |g (2008), páginas 57-133  
999 |c 28975  |d 28975